|
|
|
|
| LEADER |
00000cam a22000004a 4500 |
| 001 |
musev2_4026 |
| 003 |
MdBmJHUP |
| 005 |
20230905040509.0 |
| 006 |
m o d |
| 007 |
cr||||||||nn|n |
| 008 |
060518s2007 inu o 00 0 eng d |
| 010 |
|
|
|z 2006016495
|
| 020 |
|
|
|a 9780253112422
|
| 020 |
|
|
|z 9780253348142
|
| 020 |
|
|
|z 0253112427
|
| 035 |
|
|
|a (OCoLC)173511277
|
| 040 |
|
|
|a MdBmJHUP
|c MdBmJHUP
|
| 050 |
0 |
4 |
|a BX5199.D68
|b D43 2007
|
| 082 |
0 |
|
|a 230/.3092
|2 22
|
| 100 |
1 |
|
|a Dean, Joanna
|q (Joanna Elizabeth)
|
| 245 |
1 |
0 |
|a Religious Experience and the New Woman :
|b The Life of Lily Dougall /
|c Joanna Dean.
|
| 264 |
|
1 |
|a Bloomington :
|b Indiana University Press,
|c 2007.
|
| 264 |
|
3 |
|a Baltimore, Md. :
|b Project MUSE,
|c 2012
|
| 264 |
|
4 |
|c ©2007.
|
| 300 |
|
|
|a 1 online resource (336 pages):
|b ill. ;
|
| 336 |
|
|
|a text
|b txt
|2 rdacontent
|
| 337 |
|
|
|a computer
|b c
|2 rdamedia
|
| 338 |
|
|
|a online resource
|b cr
|2 rdacarrier
|
| 504 |
|
|
|a Includes bibliographical references (p. [279]-310) and index.
|
| 505 |
0 |
|
|a An evangelical childhood -- "Lovereen" : an untold story -- Gendering the crisis of faith -- "She was always a queer child" -- Personal idealism -- Christian socialism : "the Kingdom of God within us and around us" -- The making of a modernist mysticism -- Fellowship -- Body and soul -- Anglican modernism.
|
| 588 |
|
|
|a Description based on print version record.
|
| 600 |
1 |
0 |
|a Dougall, L.
|q (Lily),
|d 1858-1923.
|
| 650 |
|
0 |
|a Modernism (Christian theology)
|x Anglican Communion.
|
| 655 |
|
7 |
|a Electronic books.
|2 local
|
| 710 |
2 |
|
|a Project Muse.
|e distributor
|
| 830 |
|
0 |
|a Book collections on Project MUSE.
|
| 856 |
4 |
0 |
|z Texto completo
|u https://projectmuse.uam.elogim.com/book/4026/
|
| 945 |
|
|
|a Project MUSE - Custom Collection
|
| 945 |
|
|
|a Project MUSE - Archive Complete Foundation
|
| 945 |
|
|
|a Project MUSE - Archive Philosophy and Religion Foundation
|